[Event "Donner Memorial-A"]
[Site "Amsterdam"]
[Date "1994.??.??"]
[Round "3"]
[White "Jussupow, Artur"]
[Black "Lautier, Joel"]
[Result "1-0"]
[WhiteElo "2655"]
[BlackElo "2645"]
[Annotator "Jussupow,Artur"]
[PlyCount "79"]
[EventDate "1994.08.??"]
[EventType "tourn"]
[EventRounds "9"]
[EventCountry "NED"]
[EventCategory "15"]
[SourceTitle "CBM 043"]
[Source "ChessBase"]
[SourceDate "1994.12.01"]
[SourceVersion "1"]
[SourceVersionDate "1994.12.01"]
[SourceQuality "1"]

1. d4 {Dvoretzky} d5 2. c4 e6 3. Nc3 Bb4 4. e3 Ne7 (4... c5 5. cxd5 exd5 6. Bb5+ Nc6 7. Nge2 Nge7 8. O-O O-O 9. dxc5 Bxc5 10. b3 Bg4 $1 (10... a6 11. Bxc6 bxc6 12. Bb2 $14 {Korzubov/Shereshevsky}) 11. h3 Bh5 12. Bb2 Rc8 {Psakhis-Korzubov/URS/1983/} 13. Rc1 Qa5 $10 {Korzubov/Shereshevsky}) 5. Bd2 $5 O-O (5... c5 $5 6. a3 Bxc3 7. Bxc3 cxd4 8. Qxd4 f6 9. cxd5 Nxd5 10. Bd2 (10. Rd1 Nc6 11. Qh4 Qe7 {Kupreichik}) 10... O-O 11. e4 Nc6 12. Qc5 Nb6 $15 {Psakhis-Kupreichik/USSR/1984/-37/439}) 6. a3 Bxc3 7. Bxc3 b6 8. Nf3 ({RR} 8. b3 a5 9. a4 Bb7 10. Nf3 Nd7 11. Bd3 c5 12. O-O Rc8 13. Rc1 Ng6 14. cxd5 Bxd5 15. Nd2 cxd4 16. Bxd4 Rxc1 17. Qxc1 e5 18. Bb2 Nc5 19. Bc2 Qg5 20. g3 Rc8 21. Qd1 Rd8 22. Qe2 h5 {Vasquez Schroeder,R (2438)-Harikrishna,P (2676) chess.com INT 2026 1-0 (60)}) 8... Ba6 9. b3 c5 (9... Nd7 {Ftacnik} 10. Bd3 Nf6 $14) 10. dxc5 $146 (10. Bd3 cxd4 11. exd4 Nd7 12. O-O Rc8 13. Qe2 Ng6 $1 14. g3 Qc7 15. Nd2 e5 $36 (15... dxc4)) (10. Rc1 dxc4 11. bxc4 cxd4 12. exd4 Nd7 13. Bd3 Rc8 14. Bb2 Ng6 $1 15. Qd2 Bb7 16. Qe3 Qf6 $36) ({RR} 10. Bd3 h6 11. O-O Nbc6 12. Qe2 Rb8 13. Rfd1 Qc7 14. Rac1 Qb7 15. Ba1 cxd4 16. exd4 Na5 17. Nd2 Rbc8 18. c5 Bxd3 19. Qxd3 b5 20. Bc3 Nac6 21. Nf3 Ng6 22. Bd2 Rfe8 23. Re1 e5 24. dxe5 Ncxe5 {Brunner,N (2404)-Koch,J (2453) Evry 2008 1-0 (71)}) 10... dxc4 (10... bxc5 11. Bd3 $14) 11. Bxc4 (11. cxb6 Nd5 $1 (11... cxb3 12. Bb4 $16)) (11. bxc4 $5 Qxd1+ (11... bxc5 12. Bd3 $16 {}) 12. Rxd1 bxc5 13. Be2 (13. Nd2 $6 Nd7) 13... Nbc6 (13... Nc8 $6 {b6} 14. Ne5 Bb7 15. O-O $16 (15. a4 f6 16. Nd3 Na6 17. Bg4 $16)) (13... Bb7 14. Ne5 f6 15. Nd7 (15. Nd3 Na6) 15... Rc8 16. Bh5 $5 {c5} Na6 17. O-O Bc6 18. Rd6 e5 19. Rfd1 $16 Nf5 $6 20. Rxc6 Rxc6 21. Bf3 Rac8 $2 22. Bd5+ Kh8 23. Bxc6 Rxc6 24. Nxe5 $18) 14. Nd2 Rab8 15. Rc1 {e4} (15. O-O $14) 15... Nd8 $1 (15... f5 $6 16. f4 $1 {g4}) 16. Ne4 Nb7 $14) 11... Bxc4 12. bxc4 bxc5 13. Qxd8 (13. Qc2 {Ftacnik} Nd7 14. O-O $14) 13... Rxd8 14. Ke2 Nd7 15. Nd2 $14 Nc6 $2 (15... Nc8 $142 $5 16. Rhb1 (16. a4 Nd6 17. a5 f6 18. g4 Rab8 19. h4 e5 {e4} (19... Kf7 20. f4 h5 $5) 20. f3 Kf7 $10 {f8-e6}) (16. g4 Nd6 17. Rac1 f6 (17... Nb6 18. Be5 f6 19. Bxd6 Rxd6 20. Ne4 $14) 18. h4 Nb6 19. Ba1 e5 20. g5 Kf7 21. Rhg1 h5 22. gxh6 gxh6 23. h5 Rg8 24. f4 exf4 25. exf4 Rae8+ 26. Kd3 (26. Kf3 Nbxc4 $1 27. Nxc4 Nxc4 28. Rxg8 Nd2+) 26... Rd8 27. Rxg8 Rxg8 28. Ne4 Nxe4 29. Kxe4 Re8+ 30. Kf5 (30. Kf3) 30... Nc8 31. Rd1 Ne7+ 32. Kg4 Rg8+ 33. Kf3 Ke6 $10) 16... Nd6 17. Ba5 Rdc8 18. Rb3 Kf8 19. f4 (19. Rd3 Ke7 20. Rd1 Nb6 21. Rc1 Na4 $10) 19... Ke7 20. e4 f6 $1 21. Rab1 Rab8 $14) 16. Rhb1 (16. g4 Nb6 17. Rab1 f6 18. h4 Kf7 19. h5 Rd7 20. Rhc1 Rad8 21. Rc2 $14) 16... Rab8 17. Rb5 $1 a6 {×b6} 18. Rxb8 Rxb8 19. g4 $1 $16 f6 20. h4 Kf7 21. h5 Nb6 22. Rd1 Na4 (22... Rd8 $5 $16) 23. Ba1 Na5 $4 (23... Rd8 24. f4 e5 25. fxe5 Nxe5 (25... fxe5 $2 26. Rb1) 26. Bxe5 fxe5 27. Rf1+ Ke7 28. Ne4 $16) (23... Nb2 24. Rb1 (24. Rg1 $5 $16) 24... Na4 25. Rg1 $16 {f4,g5}) (23... Ke7 {Ftacnik} 24. Ne4 e5 $14) 24. Ne4 $18 Nb6 (24... Nxc4 25. Rd7+ Kf8 26. h6 $18 (26. h6 {Ftacnik} gxh6 27. Bxf6 $16)) (24... Ke7 25. h6 $18) 25. g5 f5 (25... Naxc4 26. gxf6 gxf6 27. Nxf6 h6 28. Ng4 $18) 26. Nxc5 Naxc4 27. Nd7 Rc8 (27... Rb7 28. Nxb6 Nxb6 29. Rb1 Rb8 30. Be5 $18) (27... Nxd7 {Ftacnik} 28. Rxd7+ Ke8 29. Rxg7 $18) 28. Nxb6 Nxb6 29. Rd6 Rc2+ (29... Rb8 30. Bd4 $18) 30. Kf3 Ra2 31. Bxg7 Nc4 (31... Kxg7 {Ftacnik} 32. Rxb6 Rxa3 33. Rb7+ (33. Rxe6 $18) 33... Kg8 34. Kf4 Ra5 35. g6 hxg6 36. hxg6 Rd5 37. Kg5 $18) 32. Rd7+ Ke8 33. Ra7 Nd6 $5 34. g6 hxg6 35. h6 Ne4 36. Kg2 Rxf2+ (36... Ng5 37. Bf6 $18 (37. Bf6 {Ftacnik} Nf7 38. Rxf7 Kxf7 39. h7 $18)) 37. Kg1 Rd2 38. h7 Rd1+ 39. Kg2 Rd2+ 40. Kf1 (40. Kf1 {Ftacnik} Rd1+ 41. Ke2 Rd2+ 42. Ke1 $18) 1-0

[Event "Pardubice"]
[Site "Pardubice"]
[Date "1994.??.??"]
[Round "1"]
[White "Bareev, Evgeny"]
[Black "Georgiev, Kiril"]
[Result "1-0"]
[WhiteElo "2685"]
[BlackElo "2615"]
[Annotator "Bareev,Evgeny"]
[PlyCount "93"]
[EventDate "1994.07.??"]
[EventType "tourn"]
[EventRounds "9"]
[EventCountry "CZE"]
[EventCategory "15"]
[SourceTitle "CBM 042"]
[Source "ChessBase"]
[SourceDate "1994.10.01"]
[SourceVersion "1"]
[SourceVersionDate "1994.10.01"]
[SourceQuality "1"]

1. d4 d5 2. c4 e6 3. Nc3 Be7 4. cxd5 exd5 5. Bf4 c6 6. e3 Bf5 7. Nge2 Nf6 (7... Nd7 8. Ng3 Bg6) 8. Ng3 Be6 (8... Bg6 9. h4 Qb6 $1 10. Qd2 h5 $13) 9. Bd3 g6 $1 ({RR} 9... O-O 10. O-O Re8 11. h3 Nbd7 12. Rc1 Nf8 13. Nge2 Ng6 14. Bg3 Bd6 15. Bxd6 Qxd6 16. f3 Nh5 17. Qd2 Ng3 18. Nxg3 Qxg3 19. Qf2 Qd6 20. f4 f5 21. Nb1 b6 22. Qc2 Bd7 23. Rfe1 Ne7 24. Nd2 {Svidler,P (2755)-Radjabov,T (2781) Porto Carras 2011 0-1 (53)}) ({RR} 9... O-O 10. Nf5 Bxf5 11. Bxf5 Nbd7 12. O-O Re8 13. Qf3 g6 14. Bh3 Nh5 15. Bh6 Nb6 16. Rfd1 Bg5 17. Bxg5 Qxg5 18. b3 Re7 19. g3 Kg7 20. e4 dxe4 21. Nxe4 Qd5 22. Bg2 Rae8 23. Nc3 Qxf3 24. Bxf3 {Ha,Y (1959)-Ratkovic,M (2501) Kovin SRB 2026 0-1 (45)}) 10. O-O O-O 11. h3 $146 ({RR} 11. Nce2 Re8 12. Rc1 Nbd7 13. h3 Kg7 14. f3 c5 15. b3 Qb6 16. Be5 Nxe5 17. dxe5 Nd7 18. f4 f5 19. exf6+ Nxf6 20. Kh1 Bf7 21. Qd2 Rad8 22. Bb1 Kh8 23. Nc3 c4 {½-½ (23) Bronstein,D-Flesch,J Miskolc 1963}) 11... Nbd7 $2 (11... Re8 $1 12. Bh6 Kh8 $1) 12. Bh6 Re8 13. f4 Bf8 14. Bxf8 $1 (14. Bg5 h6 15. Bh4 Bg7 16. f5 g5 17. fxe6 fxe6 18. Bxg5 hxg5 19. Nh5) 14... Nxf8 15. f5 $2 (15. Qf3 $1 Bc8 16. f5) 15... gxf5 16. Bxf5 (16. Qf3 Ne4 17. Nxf5 Bxf5 $1 18. Qxf5 Nd6 19. Qg4+ Ng6 20. Rae1 Qh4 21. Bxg6 Qxg4 $10) 16... Ng6 17. Bc2 $1 (17. Qf3 Nh4 18. Qf4 Nxf5 19. Nxf5 Bxf5 20. Qxf5 Re6 21. Rf3 Qe7 22. Raf1 Kh8 { g8-g6=}) 17... Kh8 18. Qf3 Ng8 19. Rae1 Qg5 (19... Qb6 20. Na4 $16) 20. e4 $1 Rad8 (20... Qd2 21. Rd1 $1 Qxc2 22. Rf2 $18) 21. Kh2 $1 Qd2 (21... dxe4 22. Rxe4) (21... N8e7 22. Nh5) 22. Rd1 $1 Qg5 23. exd5 cxd5 24. Qh5 $1 h6 25. Qf3 $1 Nh4 26. Qf4 Ng6 27. Qf3 Nh4 28. Qf4 Ng6 29. Qf2 N8e7 30. Qf6+ Qxf6 $6 (30... Kg8 $1 $16) 31. Rxf6 Ng8 32. Rf2 a6 $2 {xc5} 33. Na4 $1 Re7 34. Rdf1 Nf8 35. Nc5 a5 36. Bd3 b6 37. Nxe6 $1 Nxe6 38. Rxf7 Nxd4 39. Rxe7 Nxe7 40. Rf6 $1 (40. Rf7 Nec6 41. Nh5 Ne5 42. Re7 Ndc6 $1 (42... Nxd3 $2 43. Nf6)) 40... Nec6 41. Rxh6+ Kg8 42. Nf5 Re8 43. Rg6+ Kf8 44. Rf6+ Kg8 45. Nxd4 Nxd4 46. Rd6 Re3 47. Ba6 $1 (47. Ba6 $1 Re5 (47... Nc2 48. Rxd5 Nb4 49. Rd8+ $18) 48. Rxd5 Rxd5 49. Bc4 $18) 1-0

[Event "Interzonal-16"]
[Site "Biel"]
[Date "1993.??.??"]
[Round "10"]
[White "Speelman, Jonathan S"]
[Black "Illescas Cordoba, Miguel"]
[Result "1-0"]
[WhiteElo "2605"]
[BlackElo "2625"]
[Annotator "Speelman,Jonathan S"]
[PlyCount "121"]
[EventDate "1993.07.16"]
[EventType "swiss"]
[EventRounds "13"]
[EventCountry "SUI"]
[SourceTitle "CBM 037"]
[Source "ChessBase"]
[SourceDate "1993.12.01"]
[SourceVersion "1"]
[SourceVersionDate "1993.12.01"]
[SourceQuality "1"]

1. d4 {ChessBase} d5 2. c4 c6 3. Nc3 Nf6 4. e3 e6 5. Qc2 Nbd7 6. Bd2 $5 Bd6 7. a3 (7. e4 $5) ({RR} 7. e4 Nxe4 8. Nxe4 dxe4 9. Qxe4 c5 10. dxc5 Nxc5 11. Qe3 O-O 12. b4 Nd7 13. c5 Be7 14. Rc1 a5 15. a3 axb4 16. axb4 Nf6 17. Nf3 Bd7 18. Ne5 Bc6 19. Bd3 Qc7 20. O-O Rfd8 21. Rfd1 Ra3 {Mamedyarov,S (2752)-Cheparinov,I (2670) Khanty-Mansiysk 2007 CBM 122 [ChessBase] ½-½}) ({RR} 7. Rc1 O-O 8. Nf3 Qe7 9. Bd3 dxc4 10. Bxc4 e5 11. dxe5 Nxe5 12. Be2 Bg4 13. Nd4 Bxe2 14. Ncxe2 Bc7 15. Qc5 Nd3+ {0-1 (15) Modes,A (1589)-Moritani,S (1578) Sao Paulo 2022}) 7... O-O 8. f4 $146 (8. c5 Bc7 9. f4 b6 10. b4 a5) (8. Nf3) ({RR} 8. c5 Bc7 9. f4 b6 10. b4 a5 11. Ra2 axb4 12. axb4 Rxa2 13. Qxa2 Bb7 14. Bd3 Qa8 {½-½ (14) Gurevich,M (2694)-Dorfman,J (2593) France 2000}) 8... c5 $1 9. Nf3 cxd4 10. exd4 dxc4 11. Bxc4 Nb6 12. Bb3 Bd7 13. Ne5 Bc6 14. Qd3 Nbd5 (14... Bxe5 15. fxe5 Ng4) 15. Bc2 Nxc3 16. Nxc6 bxc6 17. bxc3 $6 (17. Bxc3 $10) 17... c5 18. O-O cxd4 19. cxd4 $15 g6 20. Bb3 Rb8 21. Kh1 Be7 22. Bc4 Nd5 $2 (22... Qd7) 23. f5 $8 {time trouble} exf5 24. Bh6 Qd7 (24... Re8 $2 25. Rxf5 $1) 25. Bxf8 Bxf8 26. Rab1 Rd8 27. Bxd5 Qxd5 $14 28. Rfd1 Re8 29. a4 Bd6 30. Re1 Rd8 31. Rbc1 Bb4 32. Red1 a5 33. Qc4 Kg7 $6 (33... f4) (33... Qe4 $5) 34. Qxd5 Rxd5 35. g3 $1 Rd6 36. Kg2 Kf6 37. Kf3 Ke6 38. Rc7 h5 39. d5+ {time trouble} Rxd5 40. Rxd5 Kxd5 41. Rxf7 $16 Kc4 $6 (41... Ke6) 42. Ke2 Kb3 43. Kd3 Kxa4 44. Kc2 $1 (44. Kc4 Ka3 45. Rg7 Kb2 46. Rxg6 Kc2 47. Rg5 Bd2 $1 48. Rxh5 a4 49. Rxf5 a3 50. Rf8 a2 51. Ra8 Kb2 52. Kd5 a1=Q 53. Rxa1 Kxa1 $16 {but probably drawn eg:} 54. g4 Kb2 55. h4 Kc3 56. g5 Kd3 57. Ke5 Ke3 58. h5 Kf3 59. Kf5 Kg3 60. h6 Kh4 $10) 44... Kb5 45. Rf6 Kc4 46. Rxg6 Kd4 (46... a4 47. Rf6 a3 48. Rxf5 Bc3 49. Rf4+ Bd4 50. Kb1 $1 $18) 47. Rg5 Ke4 48. Rxh5 f4 $6 (48... Bd6) 49. gxf4 $1 Kxf4 50. Rh4+ Kg5 51. Rd4 $18 Kh5 52. Kd3 Be7 53. Ke2 a4 $5 54. Rxa4 Bd6 55. Ra8 $1 (55. h3 $6 {xh3}) 55... Kg4 56. Rh8 Be5 57. Rh7 Bf6 58. Kf2 Bh4+ 59. Kg2 Bg5 60. h3+ Kf5 61. Kg3 1-0

[Event "Tilburg"]
[Site "Tilburg"]
[Date "1994.??.??"]
[Round "3"]
[White "Sokolov, Ivan"]
[Black "Vaganian, Rafael A"]
[Result "1-0"]
[WhiteElo "2625"]
[BlackElo "2645"]
[Annotator "Ftacnik,Lubomir"]
[PlyCount "47"]
[EventDate "1994.09.??"]
[EventType "k.o."]
[EventRounds "7"]
[EventCountry "NED"]
[SourceTitle "CBM 044"]
[Source "ChessBase"]
[SourceDate "1995.02.01"]
[SourceVersion "1"]
[SourceVersionDate "1995.02.01"]
[SourceQuality "1"]

1. d4 {Donev,I} d5 2. c4 e6 3. Nc3 Be7 4. cxd5 exd5 5. Bf4 c6 6. e3 Bf5 7. Nge2 Nd7 8. Ng3 (8. h3 {Donev,I} h5 9. Ng3 Bg6 10. Bd3 Bxd3 11. Qxd3 g5 12. Be5) 8... Bg6 9. Be2 (9. Bd3 $4 Bxd3 10. Qxd3 g5 $1 $19 (10... g5 {Donev,I} 11. Be5 f6 $19)) 9... Nf8 (9... Qb6 $5 10. Qd2 Ngf6 (10... h5 11. e4 $6 (11. O-O {Donev,I} h4 12. Nh1 h3 13. g4) 11... h4 12. Nf5 dxe4 13. Nd6+ Bxd6 14. Bxd6 Ne7 15. d5 Nf6 16. dxc6 bxc6 17. Qf4 Qxb2 18. Rc1 Nfd5 19. Nxd5 Nxd5 20. Qg5 Rd8 21. Bc5 Bh5 $1 22. Rc2 Qa1+ 23. Rc1 Qf6 $17 {Ligterink,G-Geller,E/OHRA II/1987/}) 11. h4 h6 12. h5 Bh7 13. f3 O-O 14. Na4 Qb4 (14... Qd8 15. Bd3 $36) 15. Qxb4 Bxb4+ 16. Kf2 $14) (9... Ngf6 10. h4 h6 11. h5 Bh7 12. Bd3 Bxd3 13. Qxd3 { f5}) 10. Bg4 (10. h4) 10... Nf6 11. Bh3 Ne6 12. Be5 Ng5 (12... Nd7 13. O-O (13. Bxe6 Nxe5) (13. f4 Nxe5 14. dxe5 d4 15. Nce2 Bb4+ 16. Kf1 d3 17. Nc3 Bxc3 18. bxc3 h5 $1 19. f5 h4 20. fxg6 hxg3 21. gxf7+ Kxf7 $13) 13... Nxe5 14. dxe5 d4 15. exd4 Nxd4 16. f4 { f5}) 13. Bf5 O-O $146 ({RR} 13... Bxf5 14. Nxf5 O-O 15. O-O Ne6 16. Qb3 Qd7 17. Nxe7+ Qxe7 18. Bxf6 gxf6 19. Qc2 Kh8 20. f4 Rg8 21. Rf3 Nc7 22. Raf1 Rg6 23. a3 Rag8 24. R1f2 Ne8 25. e4 dxe4 26. Nxe4 f5 27. Ng3 Nd6 28. Qc5 {Lobron,E (2580)-Siegel,G (2490) Germany 1994 ½-½ (75)}) ({RR} 13... Bxf5 14. Nxf5 Bf8 15. h4 Nge4 16. Nxe4 Nxe4 17. Bxg7 Rg8 18. Bxf8 Kxf8 19. O-O Qf6 20. Qh5 Qg6 21. Qxg6 hxg6 22. Ng3 Nxg3 23. fxg3 Re8 24. Rf3 Re4 25. Raf1 Rg7 26. Kf2 Ke7 27. Rf4 f5 28. Rxe4+ {Machlik,M (2096)-Dahl,M (2038) Norway 2022 1-0 (46)}) 14. h4 $1 (14. f3 Nd7 $1) 14... Nge4 15. Bxg6 hxg6 16. Ngxe4 Nxe4 17. Nxe4 dxe4 18. h5 gxh5 $2 (18... g5 19. h6 f6 20. Qh5 $1 (20. hxg7 $2 Kxg7 21. Qh5 Rh8 22. Qxg5+ Kf7) 20... fxe5 21. hxg7 Qa5+ 22. Kd1 Kxg7 23. Qh7+ Kf6 24. Rh6#) (18... Bf6 19. hxg6 fxg6 $18 (19... fxg6 {Donev,I} 20. Qb3+ Qd5 21. Qxd5+ cxd5 22. Bd6 Rfc8 23. Kd2 $14)) 19. Qxh5 Qa5+ 20. Kf1 f6 21. Qg6 $1 Qd5 (21... fxe5 22. Rh7 Rf7 23. Qh5 $18 (23. Qh5 {Donev,I} Rxf2+ 24. Kg1 Rxg2+ 25. Kxg2 Qd2+ 26. Kh1 $18)) 22. Bf4 Rfd8 23. Rh5 $1 Qe6 (23... Qf7 {Donev,I} 24. Rh8+ Kxh8 25. Qxf7 $18) 24. Rh7 (24. Rh7 Bf8 (24... Qf7 25. Rh8+ Kxh8 26. Qxf7 $18) 25. Qh5 $18) 1-0

[Event "Interzonal-16"]
[Site "Biel"]
[Date "1993.??.??"]
[Round "7"]
[White "Lautier, Joel"]
[Black "Granda Zuniga, Julio E"]
[Result "1-0"]
[WhiteElo "2620"]
[BlackElo "2605"]
[Annotator "Lautier,Joel"]
[PlyCount "89"]
[EventDate "1993.07.16"]
[EventType "swiss"]
[EventRounds "13"]
[EventCountry "SUI"]
[SourceTitle "CBM 037"]
[Source "ChessBase"]
[SourceDate "1993.12.01"]
[SourceVersion "1"]
[SourceVersionDate "1993.12.01"]
[SourceQuality "1"]

1. c4 e6 2. Nc3 d5 3. d4 c6 4. Nf3 dxc4 5. a4 Bb4 6. e3 b5 7. Bd2 Qb6 $6 8. axb5 $6 (8. Ne5 $1 Nd7 9. axb5 Nxe5 10. dxe5 cxb5 11. Ne4 $16) 8... cxb5 9. Ne5 Bb7 (9... Nd7 $4 10. Qf3 $18) ({RR} 9... Nf6 10. b3 O-O 11. bxc4 bxc4 12. Nxc4 Qc7 13. Nb5 Bxd2+ 14. Qxd2 Qb7 15. Na5 Qb6 16. Bd3 Bd7 17. Rb1 Nc6 18. Nc4 Qd8 19. O-O Qe7 20. Be2 Rab8 21. Nc3 Nb4 22. Ra1 Bc6 23. Ra5 Rfc8 24. Rfa1 {Komljenovic,D (2470)-Granda Zuniga,J (2510) Burriana 1990 ½-½ (63)}) ({RR} 9... Nf6 10. b3 O-O 11. bxc4 Bxc3 12. Bxc3 b4 13. c5 Qb7 14. Bd2 a5 15. Be2 Bd7 16. Bf3 Nc6 17. Nxd7 Qxd7 18. Qa4 Rfc8 19. Bxc6 Qxc6 20. Qxc6 Rxc6 21. Bxb4 Rca6 22. Bd2 Nd7 23. Ke2 e5 24. Rhb1 {Palencia Morales,W (2205)-Bashirli,S (1951) Chess.com INT 2025 1-0 (41)}) 10. b3 $146 ({RR} 10. Qg4 g6 11. Be2 Nf6 12. Qf4 Nbd7 13. Bf3 O-O 14. h4 Bxf3 15. gxf3 Nxe5 16. Qxe5 Bxc3 17. bxc3 Nd7 18. Qg3 Rfe8 19. h5 e5 20. hxg6 hxg6 21. Qh3 Qe6 22. Qh8# {1-0 (22) Marn,J (2352)-Sawlin,L (2385) Chess.com INT 2020}) ({RR} 10. Qg4 g6 11. Be2 Nf6 12. Qf4 Nbd7 13. Bf3 O-O 14. h4 Bxf3 15. gxf3 Nxe5 16. Qxe5 Bxc3 17. bxc3 Nd7 18. Qg3 Rfe8 19. h5 e5 20. hxg6 hxg6 21. Qh3 Qe6 22. Qh8# {1-0 (22) Marn,J (2352)-Sawlin,L (2385) Chess.com INT 2020}) 10... Nc6 $1 11. bxc4 Bxc3 $8 (11... Nxe5 $2 12. c5 $1 Bxc5 (12... Qd8 13. Nxb5 Bxd2+ 14. Qxd2 $18) 13. dxc5 Qxc5 14. Nxb5 { c1} Bxg2 15. Bxg2 Qxb5 16. Ra5 (16. Bxa8 $2 Nd3+ 17. Kf1 Nf4+ 18. Kg1 Qg5+ 19. Kf1 Qb5+ $10) 16... Nd3+ 17. Kf1 Qc4 18. Bxa8 Nf4+ 19. Kg1 Ne2+ 20. Kg2 Qg4+ 21. Kf1 Ng3+ 22. Ke1 $18) 12. Bxc3 Nxe5 13. dxe5 bxc4 14. Rb1 (14. Qg4 $2 Ne7 15. Qxg7 Rg8 16. Qh6 Nd5 17. Qxh7 O-O-O 18. Qc2 Nxe3 $1 19. fxe3 Qxe3+ 20. Be2 Rxg2 21. Rf1 Be4 22. Qb2 Bd3 $19) (14. Bxc4 $6 Ne7 $15) 14... Qc6 15. Rb4 Ba6 $1 (15... Rd8 $2 16. Qa1 $1 $16) (15... Ne7 16. Rxc4 Qd7 17. Rd4 Qc6 18. Rc4 $10) 16. Be2 Ne7 17. Bf3 Nd5 18. Bxd5 exd5 (18... Qxd5 $4 19. Qa4+ $18) 19. O-O Bc8 20. Qd4 O-O 21. Ra1 (21. e6 $2 f6 22. e7 Re8 $15) (21. f4 $6 Bf5 $15) 21... Qg6 $1 (21... Be6 22. Rxa7 $14) 22. Qxd5 $6 (22. f3 $10) 22... Be6 23. Qd2 Rfd8 24. Bd4 Rac8 $15 {passed pawn "c"} 25. Rc1 (25. Qc3 $2 Bd5 $17) 25... a5 (25... Bd5 26. f4 h5 $15) 26. Rb6 Qd3 $2 (26... a4 27. Qa5 $15) 27. Qxa5 $1 Ra8 (27... c3 $2 28. Rc6 $1 Qd2 (28... c2 29. R6xc2 $16) 29. Qxc3 $16) 28. Ra6 Rab8 29. h3 Rdc8 30. Qc3 h5 31. Ra3 $10 Qg6 32. Kh2 h4 33. Qc2 $138 Bf5 34. Qd2 Rc6 35. Rac3 Be4 $5 (35... Rbc8 $10) 36. f3 Qg3+ 37. Kh1 Bxf3 $5 38. gxf3 Rg6 (38... Qxh3+ $2 39. Qh2 Qxf3+ 40. Qg2 $18) 39. e4 $8 Rb3 $4 $138 (39... Rd8 $1 $8 {only move} 40. f4 Rxd4 41. Rxg3 Rxd2 42. Rxg6 fxg6 43. Rxc4 Rf2 44. e6 Kf8 45. e5 Ke7 $10) 40. f4 $1 $18 Qxh3+ (40... Rxc3 41. Rxc3 $18) 41. Rxh3 Rxh3+ 42. Qh2 Rxh2+ 43. Kxh2 Rg4 44. Rf1 g5 45. Rf3 $1 (45. Rf3 $1 gxf4 46. Kh3 Rg3+ 47. Rxg3+ hxg3 (47... fxg3 48. Kxh4 g2 49. Kg3 c3 50. Kxg2 c2 51. Bb2 $18) 48. Kg4 g2 49. Kf3 $1 $18 (49. Kxf4 $4 c3 50. Kf3 c2 $19)) 1-0

[Event "Rubinstein Memorial 36th"]
[Site "Polanica Zdroj"]
[Date "1999.08.23"]
[Round "7"]
[White "Gurevich, Mikhail"]
[Black "Khenkin, Igor"]
[Result "1/2-1/2"]
[WhiteElo "2643"]
[BlackElo "2633"]
[Annotator "Gurevich,Mikhail"]
[PlyCount "85"]
[EventDate "1999.08.17"]
[EventType "tourn"]
[EventRounds "9"]
[EventCountry "POL"]
[EventCategory "15"]
[SourceTitle "CBM 073"]
[Source "ChessBase"]
[SourceDate "1999.12.01"]
[SourceVersion "1"]
[SourceVersionDate "1999.12.01"]
[SourceQuality "1"]

1. d4 {Krasenkow/Mueller,Ka . Konikowski} d5 2. c4 e6 3. Nc3 c6 4. e4 dxe4 5. Nxe4 Bb4+ 6. Nc3 ({RR} 6. Bd2 Qxd4 7. Bxb4 Qxe4+) 6... c5 7. a3 Ba5 8. Nf3 Nf6 9. Be2 (9. Be3 cxd4 ({RR} 9... Ne4 10. Qc2 Nxc3 11. bxc3 cxd4 12. Bxd4 O-O 13. Bd3 h6 ({RR} 13... g6) 14. O-O Nc6 15. Rab1 Bc7 16. Be4 Qe7 17. Rfe1 Bd6 18. Qa4 Rb8) 10. Nxd4 Ne4 11. b4 Nxc3 12. Qc2 Bc7 13. Qxc3 Be5 $13 {½-½ Gulko,B-Polgar,Z/Aruba (2) 1992/CBM 30 (28)}) ({RR} 9. Be3 Nc6 10. Qd3 ({RR} 10. dxc5 Bxc3+ 11. bxc3 Qa5 12. Qc2 ({RR} 12. Qc1 e5) 12... Ng4 13. Qc1 O-O 14. Be2 Nxe3 15. Qxe3 Ne7 16. O-O Nf5 17. Qe4 Qxc5) 10... cxd4 11. Nxd4 Ng4 12. O-O-O Nxe3 13. fxe3 Bc7 ({RR} 13... Qe7) 14. Nxc6 ({RR} 14. Ndb5 O-O 15. Qc2 Qe7 16. Nxc7 Qxc7 17. Nb5 Qe5 18. Qf2 f6) 14... bxc6 15. Qxd8+ Bxd8 16. Be2 ({RR} 16. g3 Bg5 17. Bg2 Bxe3+ 18. Kc2 Bd7 19. Rhe1 Bc5 20. Ne4 Be7 21. c5) 16... Ke7 ({RR} 16... Bg5) 17. Bf3 Bd7 18. Ne4 Bb6 ({RR} 18... Bc7 19. Nc5 Be8 20. Na6 Be5 21. Rd3 f5 22. Rb3 Rf8 23. Rb7+ Kf6 24. Nb4) 19. c5 f5 20. cxb6 fxe4 21. b7 Rab8 22. Bxe4 Rxb7 23. Rhf1 Rb5 {Carlsen,M (2870)-Anand,V (2775) Chennai 2013 CBM 158 [Krasenkow/Mueller,Ka] 1-0 (58)} {RR} 24. Rd4 a5) 9... Nc6 $5 {TN} (9... Ne4 {Konikowski} 10. Bd2 Nxd2 11. Qxd2 cxd4 12. Nxd4 e5 13. Nb3 Qxd2+ 14. Kxd2 Bd8 15. Bf3 Nd7 $13 {1-0 Konikowski,J-Meyer,P/BL2-W 1995/CBM 47/[Konikowski] (45)}) ({RR} 9... cxd4 10. Nxd4 Ne4 11. Ndb5 Qxd1+ 12. Bxd1 Nxc3 13. Nxc3 Bxc3+ 14. bxc3 Bd7 15. a4 Bc6 16. O-O Nd7 17. a5 a6 18. Ba3) ({RR} 9... cxd4 10. Nxd4 Ne4 11. Ndb5 Qxd1+ 12. Bxd1 Nxc3 13. Nxc3 Bxc3+ 14. bxc3 Bd7 15. a4 Bc6 16. O-O Nd7 17. a5 a6 18. Ba3 {½-½ (18) Babula,V (2590)-Khenkin,I (2603) Germany 2003}) 10. dxc5 ({RR} 10. Be3 Ng4 11. Bg5 f6 12. d5 Bxc3+ 13. bxc3 Ne7 14. Bh4 exd5 15. cxd5 Qxd5 16. O-O Qxd1 17. Raxd1 Be6 18. Rd6 Kf7 19. Re1 Nc6 20. Rxe6 Kxe6 21. Bc4+ Kd6 22. Nd2 Rhe8 23. Ne4+ Kc7 24. Bg3+ Nge5 {Hamidov,A (2287)-Kaidanov,G (2491) chess.com INT 2026 0-1 (53)}) 10... Qxd1+ $146 ({RR} 10... Bxc3+ 11. bxc3 Qa5 12. O-O Ne4 13. Qc2 Nxc5 14. Rb1 Qa4 15. Qa2 O-O 16. Be3 Ne4 17. Rfc1 b6 18. Rb5 Rd8 19. Nd4 Nxc3 20. Rxc3 Nxd4 21. Bxd4 Rxd4 22. h3 Bb7 23. Rcb3 Bc6 24. R3b4 Qa6 25. Rg5 {Gharibyan,M (2492)-Volkov,M (2337) chess.com INT 2024 0-1 (57)}) ({RR} 10... Bxc3+ 11. bxc3 Qa5 12. O-O Ne4 13. Qc2 Nxc5 14. Rb1 Qa4 15. Qa2 O-O 16. Be3 Ne4 17. Rfc1 b6 18. Rb5 Rd8 19. Nd4 Nxc3 20. Rxc3 Nxd4 21. Bxd4 Rxd4 22. h3 Bb7 23. Rcb3 Bc6 24. R3b4 Qa6 25. Rg5 {Gharibyan,M (2492)-Volkov,M (2337) chess.com INT 2024 0-1 (57)}) 11. Bxd1 (11. Kxd1 Bxc3 12. bxc3 Ne4 13. Kc2 Nxf2 (13... Nxc5 14. Be3 b6 15. Bxc5 bxc5 16. Rab1 $36) 14. Rf1 Ne4 15. Be3 e5 $13) 11... Ne4 12. Bd2 Bxc3 13. Bxc3 (13. bxc3 $5 {(14.e3)} Nxc5 (13... Nxd2 14. Nxd2 Ke7 15. Bf3 $36) 14. Be3 Nd3+ (14... Ne4 15. Bc2 $36) 15. Kd2 Nb2 16. Be2 Na5 17. Ne5 $1 f6 18. Rab1 $14) 13... Nxc3 14. bxc3 Na5 $5 15. Rb1 $5 Ke7 $1 (15... Nxc4 16. Be2 Na5 (16... Nxa3 17. Rb3 Nc2+ 18. Kd2 $18) 17. Nd4 $36) 16. Rb5 $6 (16. Ne5 $1 f6 17. Rb5 Nc6 18. Nxc6+ bxc6 19. Rb4 $14 {20.f3,21e2}) 16... Nxc4 17. Be2 a6 18. Rb4 Na5 (18... Nxa3 $5 19. O-O (19. Ra4 Nb1 $17) (19. Rb3 Nb5) 19... Nb5 20. Bxb5 axb5 21. Rxb5 Ra3 22. Rc1 Rd8 23. Nd4 Rd5 24. c6 $11) 19. Ne5 f6 20. Nc4 Nxc4 21. Bxc4 Ra7 {[c8-d7-c6]} 22. Kd2 $1 Rd8+ (22... Bd7 23. Re1 $14) 23. Kc2 Rd7 {[d7-c7-c5]} (23... e5 $5 24. Rd1 (24. Bd3 Rd5 25. Bxh7 Rxc5 $11) 24... Bf5+ $132) 24. Re1 Rc7 25. f4 $5 (25. Rb6 e5 26. Bd3 Rxc5 27. Bxh7 $11) 25... Rxc5 26. Bxe6 Bxe6 27. Rbe4 Rc6 (27... b5 28. Rxe6+ Kf7 29. R1e3 a5 30. Rb6 $11) 28. f5 Ra8 29. Rxe6+ Rxe6 30. Rxe6+ Kd7 $11 31. Kd3 Rc8 (31... Re8 $6 32. Rxe8 Kxe8 33. Kd4 $14) 32. Kd4 Rc6 33. Re3 Rd6+ 34. Kc5 Rc6+ 35. Kb4 Rb6+ 36. Kc4 Rc6+ 37. Kb4 Rb6+ 38. Kc4 Rc6+ 39. Kd3 Rd6+ 40. Kc2 Kc6 41. Kb3 Rd5 42. Rg3 Rb5+ 43. Kc4 1/2-1/2